<?xml version="1.0" encoding="UTF-8"?>
<record
    xmlns:xsi="http://www.w3.org/2001/XMLSchema-instance"
    xsi:schemaLocation="http://www.loc.gov/MARC21/slim http://www.loc.gov/standards/marcxml/schema/MARC21slim.xsd"
    xmlns="http://www.loc.gov/MARC21/slim">

  <leader>01026nam a2200205   4500</leader>
  <controlfield tag="001"> 85643</controlfield>
  <controlfield tag="003">BD-RjUL</controlfield>
  <controlfield tag="005">20250904123551.0</controlfield>
  <controlfield tag="008">250904s1970    p  ||||| |||| 00| 0 urd d</controlfield>
  <datafield tag="035" ind1=" " ind2=" ">
    <subfield code="a">(BD-RjUL) 85643</subfield>
  </datafield>
  <datafield tag="040" ind1=" " ind2=" ">
    <subfield code="a">BD-RjUL</subfield>
    <subfield code="b">eng</subfield>
    <subfield code="c">BD-RjUL</subfield>
  </datafield>
  <datafield tag="041" ind1=" " ind2=" ">
    <subfield code="a">urd</subfield>
  </datafield>
  <datafield tag="082" ind1=" " ind2=" ">
    <subfield code="2">23</subfield>
    <subfield code="a">297.09</subfield>
    <subfield code="b">IKM 1970</subfield>
  </datafield>
  <datafield tag="245" ind1=" " ind2=" ">
    <subfield code="a">&#x645;&#x648;&#x62C; &#x6A9;&#x648;&#x62B;&#x631; : &#x645;&#x633;&#x644;&#x645;&#x627;&#x646;&#x648;&#x6BA; &#x6A9;&#x6CC; &#x645;&#x630;&#x6C1;&#x628;&#x6CC; &#x627;&#x648;&#x631; &#x639;&#x644;&#x645;&#x6CC; &#x62A;&#x627;&#x631;&#x6CC;&#x62E; &#x6A9;&#x627; &#x62F;&#x648;&#x631; &#x62C;&#x62F;&#x6CC;&#x62F; &#x61B; &#x627;&#x646;&#x6CC;&#x633;&#x648;&#x6CC; &#x635;&#x62F;&#x6CC; &#x6A9;&#x6D2; &#x622;&#x63A;&#x627;&#x632; &#x633;&#x6D2; &#x632;&#x645;&#x627;&#x646;&#x6C1; &#x62D;&#x627;&#x644; &#x62A;&#x6A9; &#x645;&#x648;&#x62C; &#x6A9;&#x648;&#x62B;&#x631; : &#x645;&#x633;&#x644;&#x645;&#x627;&#x646;&#x648;&#x6BA; &#x6A9;&#x6CC; &#x645;&#x630;&#x6C1;&#x628;&#x6CC; &#x627;&#x648;&#x631; &#x639;&#x644;&#x645;&#x6CC; &#x62A;&#x627;&#x631;&#x6CC;&#x62E; &#x6A9;&#x627; &#x62F;&#x648;&#x631; &#x62C;&#x62F;&#x6CC;&#x62F; &#x61B; &#x627;&#x646;&#x6CC;&#x633;&#x648;&#x6CC; &#x635;&#x62F;&#x6CC; &#x6A9;&#x6D2; &#x622;&#x63A;&#x627;&#x632; &#x633;&#x6D2; &#x632;&#x645;&#x627;&#x646;&#x6C1; &#x62D;&#x627;&#x644; &#x62A;&#x6A9; / Mauj-i Kaus&#x331;ar : Musalm&#x101;no&#x1E49; k&#x12B; ma&#x1E95;hab&#x12B; aur 'ilm&#x12B; t&#x101;ri&#x1E35;&#x1E96; k&#x101; daur-i jad&#x12B;d ; unn&#x12B;sv&#x12B; &#x1E63;ad&#x12B; ke &#x101;g&#x332;h&#x332;&#x101;z se zam&#x101;nah-yi &#x1E25;&#x101;l tak /</subfield>
    <subfield code="c">&#x634;&#x6CC;&#x62E; &#x645;&#x62D;&#x645;&#x651;&#x62F; &#x627;&#x6A9;&#x631;&#x627;&#x645;, Sheikh Mohamed Ikram</subfield>
  </datafield>
  <datafield tag="250" ind1=" " ind2=" ">
    <subfield code="a">9th.ed.</subfield>
  </datafield>
  <datafield tag="260" ind1=" " ind2=" ">
    <subfield code="a">Karachi : </subfield>
    <subfield code="b">Firoz &amp; sons,</subfield>
    <subfield code="c">1970</subfield>
  </datafield>
  <datafield tag="300" ind1=" " ind2=" ">
    <subfield code="a">368 p.; </subfield>
    <subfield code="c">21 cm</subfield>
  </datafield>
  <datafield tag="650" ind1=" " ind2=" ">
    <subfield code="a">Muslims history </subfield>
    <subfield code="z">Asia</subfield>
    <subfield code="9">16781</subfield>
  </datafield>
  <datafield tag="942" ind1=" " ind2=" ">
    <subfield code="2">ddc</subfield>
    <subfield code="c">BK</subfield>
  </datafield>
  <datafield tag="999" ind1=" " ind2=" ">
    <subfield code="c">85643</subfield>
    <subfield code="d">85643</subfield>
  </datafield>
  <datafield tag="952" ind1=" " ind2=" ">
    <subfield code="0">0</subfield>
    <subfield code="1">0</subfield>
    <subfield code="2">ddc</subfield>
    <subfield code="4">0</subfield>
    <subfield code="7">1</subfield>
    <subfield code="8">NFIC</subfield>
    <subfield code="a">RUCL</subfield>
    <subfield code="b">RUCL</subfield>
    <subfield code="c">Reading</subfield>
    <subfield code="d">1971-12-02</subfield>
    <subfield code="e">feroz &amp; sons</subfield>
    <subfield code="g">10.00</subfield>
    <subfield code="l">0</subfield>
    <subfield code="o">U 297.09 IKM 1970</subfield>
    <subfield code="r">2025-09-04 00:00:00</subfield>
    <subfield code="t">C-1</subfield>
    <subfield code="w">2025-09-04</subfield>
    <subfield code="y">BK</subfield>
  </datafield>
</record>
